000 00425nam a2200121Ia 4500
008 220901s9999||||xx |||||||||||||| ||und||
082 _a621.3815 INT
100 _aInternational Organization od scientific research
245 0 _aIOSR journal of VLSI and signal processing
250 _aVol. 9 Issue No. 1, 2 & 3
260 _bInternational Organization od scientific research
_c2019
650 _aElectronics devices & circuits
999 _c194151
_d194151